Countries Closest To Yugoslavia - Statistics

General Stats
  • This quiz has been taken 33 times
    18 since last reset
  • The average score is 12 of 16
Answer Stats
Answer % Correct
Bulgaria
93%
Greece
93%
Hungary
93%
Italy
93%
Albania
86%
Austria
86%
Romania
86%
Switzerland
79%
Germany
71%
Moldova
71%
Ukraine
71%
Czechia
64%
Liechtenstein
64%
San Marino
64%
Slovakia
64%
Russia
57%
No matching quizzes found
Score Distribution
Percent of People with Each Score
Percentile by Number Answered
Your Score History
You have not taken this quiz since the last reset